| 000 | 00584nam a2200181 i 4500 | ||
|---|---|---|---|
| 001 | 64244 | ||
| 003 | ES-MaACL | ||
| 005 | 20230906165100.0 | ||
| 007 | t| | ||
| 008 | 031223s1959 sp f |||| | spa d | ||
| 100 | 1 |
_aFlores, Carlos. _951255 |
|
| 245 | 1 | 0 |
_aArquitectura interior _b: decoración, muebles y diseño. _n1960 / _cCarlos Flores. |
| 260 |
_a[Madrid] : _bAguilar, _c[1959] ( _fMontaña) |
||
| 300 |
_a152 p., 36 lám. ; _c28 cm. |
||
| 500 | _aCon una sección dedicada a la nueva sede de la Unesco. | ||
| 650 | 0 | 4 |
_aDecoración interior. _911542 |
| 852 |
_aES-MaACL _jC-18357 |
||
| 999 |
_c64244 _d64244 |
||